000 00602cam a2200205u 4500
001 9992094
005 20180814043733.0
008 831213s1971 gw a 000 0 ger
010 _a 79134653
040 _aDLC
_cCarP
_dDLC
041 _aeng
080 _a61
082 _a61
100 1 _a3
101 _aSHM
240 1 0 _aReview of medical physiology.
_lGerman [from old catalog]
245 1 0 _aMedizinische Physiologie;
906 _a0
_bcbc
_cpremunv
_du
_encip
_f19
_gy-gencatlg
942 _2ddc
_cBK
999 _c47088
_d47088